[Event "CGC KO 2022"]
[Site "chess.com INT"]
[Date "2022.11.05"]
[Round "5.9"]
[White "Nihal, Sarin"]
[Black "Giri, Anish"]
[Result "1-0"]
[WhiteTitle "GM"]
[BlackTitle "GM"]
[WhiteElo "2677"]
[BlackElo "2764"]
[WhiteFideId "25092340"]
[BlackFideId "24116068"]
[EventDate "2022.09.14"]
[EventType "k.o."]

1. Nf3 d5 2. d4 Nf6 3. c3 c5 4. dxc5 e6 5. Be3 Nc6 6. b4 Be7 7. g3 Ng4 8. Bd2
O-O 9. Bg2 b6 10. h3 Nge5 11. cxb6 axb6 12. O-O Nxf3+ 13. Bxf3 Bf6 14. Qb3 Ne5
15. Bg2 Bd7 16. Na3 Ba4 17. Qb2 Qd7 18. Be3 Rfc8 19. Bxb6 Nc4 20. Nxc4 Rxc4 21.
Rfc1 Qb5 22. Bd4 Bxd4 23. cxd4 Qxb4 24. Qxb4 Rxb4 25. e3 g5 26. Bf3 Bb5 27. Rc7
Bd3 28. Rc3 Be4 29. Bxe4 dxe4 30. Rc5 h6 31. Re5 Rba4 32. Rxe4 Rxa2 33. Rxa2
Rxa2 34. Re5 Kg7 35. Kg2 Rd2 36. Rb5 Kg6 37. g4 Kf6 38. Kf3 Kg6 39. Rb1 h5 40.
Re1 hxg4+ 41. hxg4 Kf6 42. Re2 Rd1 43. Rc2 Rd3 44. Ke2 Ra3 45. Rd2 Ke7 46. Rd3
Ra2+ 47. Kf3 Kd7 48. Rb3 Ke7 49. Rd3 Kf6 50. Rc3 Rd2 51. Rc5 Rb2 52. Ra5 Rc2 53.
Ra6 Rb2 54. d5 Ke5 55. dxe6 fxe6 56. Ra8 Kf6 57. Rf8+ Ke7 58. Rg8 Kf6 59. Rf8+
Ke7 60. Ra8 Rb4 61. Kg3 Kf6 62. Ra7 Kg6 63. Ra6 Kf6 64. Ra3 Rc4 65. Rd3 Rb4 66.
Rc3 Ra4 67. Rb3 Rc4 68. f4 Rc1 69. Rb6 gxf4+ 70. exf4 Rg1+ 71. Kf3 Kf7 72. Rb7+
Kf6 73. Rb6 Kf7 74. Ra6 Rf1+ 75. Ke3 Re1+ 76. Kf2 Rh1 77. Kg2 Re1 78. Ra5 Kf6
79. Kf2 Rh1 80. Ra6 Kf7 81. Rb6 Rc1 82. Rb3 Rh1 83. Kg2 Rd1 84. Kg3 Rh1 85. Rb7+
Kf6 86. g5+ Kg6 87. Re7 Re1 88. Kf2 Re4 89. Kf3 Re1 90. Re8 Kf7 91. Rh8 Rf1+ 92.
Kg3 Rg1+ 93. Kf2 Rc1 94. Rh6 Rc3 95. Rf6+ Ke7 96. Kg2 Rb3 97. Rh6 Kf7 98. Rh3
Rb1 99. Kf3 Kg6 100. Rh6+ Kf7 101. Rf6+ Ke7 102. Kg4 Rh1 103. f5 exf5+ 104. Kxf5 1-0

[Event "CGC KO 2022"]
[Site "chess.com INT"]
[Date "2022.11.06"]
[Round "6.1"]
[White "So, Wesley"]
[Black "Nihal, Sarin"]
[Result "1-0"]
[WhiteTitle "GM"]
[BlackTitle "GM"]
[WhiteElo "2771"]
[BlackElo "2677"]
[WhiteFideId "5202213"]
[BlackFideId "25092340"]
[EventDate "2022.09.14"]
[EventType "k.o."]

1. e4 e5 2. Nf3 Nf6 3. Nxe5 d6 4. Nf3 Nxe4 5. d4 d5 6. Bd3 Bf5 7. O-O Be7 8. Re1
O-O 9. Nbd2 Nd6 10. Nf1 c6 11. Bf4 Bxd3 12. Qxd3 Na6 13. Ne3 Nc7 14. b3 Ne6 15.
Be5 f6 16. Bg3 Nc7 17. c4 Qd7 18. Re2 Rfe8 19. Rae1 Bf8 20. h4 Rad8 21. h5 Qf7
22. a4 a6 23. Nh4 dxc4 24. bxc4 Ne6 25. c5 Nc8 26. Nef5 Nxc5 27. Qf3 Rxe2 28.
Qxe2 Nxa4 29. Qg4 Qd7 30. Ng6 hxg6 31. hxg6 Ne7 32. Rxe7 Qxe7 33. Nxe7+ Bxe7 34.
Qe6+ 1-0

[Event "CGC KO 2022"]
[Site "chess.com INT"]
[Date "2022.11.06"]
[Round "6.2"]
[White "Nihal, Sarin"]
[Black "So, Wesley"]
[Result "1/2-1/2"]
[WhiteTitle "GM"]
[BlackTitle "GM"]
[WhiteElo "2677"]
[BlackElo "2771"]
[WhiteFideId "25092340"]
[BlackFideId "5202213"]
[EventDate "2022.09.14"]
[EventType "k.o."]

1. d4 Nf6 2. c4 e6 3. Nf3 d5 4. g3 dxc4 5. Bg2 c5 6. O-O Nc6 7. dxc5 Qxd1 8.
Rxd1 Bxc5 9. Nbd2 c3 10. bxc3 O-O 11. Nb3 Be7 12. Nfd4 Nxd4 13. cxd4 Nd5 14. Na5
Bd7 15. Bd2 b6 16. e4 Nb4 17. Nb3 Rac8 18. d5 Nc2 19. Rab1 exd5 20. exd5 Bd6 21.
Be4 Rfe8 22. Bd3 Bg4 23. Rdc1 1/2-1/2

[Event "CGC KO 2022"]
[Site "chess.com INT"]
[Date "2022.11.06"]
[Round "6.3"]
[White "So, Wesley"]
[Black "Nihal, Sarin"]
[Result "1-0"]
[WhiteTitle "GM"]
[BlackTitle "GM"]
[WhiteElo "2771"]
[BlackElo "2677"]
[WhiteFideId "5202213"]
[BlackFideId "25092340"]
[EventDate "2022.09.14"]
[EventType "k.o."]

1. e4 g6 2. d4 Bg7 3. Nc3 d6 4. Be3 a6 5. Qd2 Nd7 6. h4 h6 7. O-O-O b5 8. f3 Bb7
9. a3 Rc8 10. Kb1 c5 11. dxc5 Nxc5 12. Nge2 Nd7 13. Nd5 Ngf6 14. Nxf6+ Nxf6 15.
h5 Nxh5 16. Rxh5 gxh5 17. Ng3 Rg8 18. Nxh5 Bh8 19. g4 Qc7 20. c3 Rd8 21. Bd4 e5
22. Bf2 d5 23. Bh4 Rd7 24. Qxh6 dxe4 25. Rxd7 Qxd7 26. Nf6+ Bxf6 27. Qxf6 exf3
28. Kc1 Qc7 29. a4 Bc6 30. Bg3 Rg6 31. Qh8+ Ke7 32. Bd3 f2 33. Bh4+ Kd6 34. Bxf2
Re6 35. Qf8+ Qe7 36. Qb8+ Qc7 37. Qf8+ Re7 38. Bf5 bxa4 39. Qh6+ Kd5 40. Qd2+
Kc4 41. Qd3+ Kb3 42. c4+ Kb4 43. Qc3# 1-0

[Event "CGC KO 2022"]
[Site "chess.com INT"]
[Date "2022.11.06"]
[Round "6.4"]
[White "Nihal, Sarin"]
[Black "So, Wesley"]
[Result "1/2-1/2"]
[WhiteTitle "GM"]
[BlackTitle "GM"]
[WhiteElo "2677"]
[BlackElo "2771"]
[WhiteFideId "25092340"]
[BlackFideId "5202213"]
[EventDate "2022.09.14"]
[EventType "k.o."]

1. Nf3 d5 2. b3 c5 3. e3 Nf6 4. Bb2 e6 5. c4 Nc6 6. cxd5 exd5 7. Bb5 Bd6 8. O-O
O-O 9. d4 cxd4 10. Nxd4 Bc7 11. Nd2 Qd6 12. g3 Bb6 13. Nxc6 bxc6 14. Nc4 Qe6 15.
Nxb6 axb6 16. Be2 Ba6 17. Bxa6 Rxa6 18. Bxf6 Qxf6 19. a4 Rd8 20. Qd3 Raa8 21.
Rfc1 c5 22. Ra2 1/2-1/2

[Event "CGC KO 2022"]
[Site "chess.com INT"]
[Date "2022.11.07"]
[Round "6.5"]
[Board "1"]
[White "So, Wesley"]
[Black "Nihal, Sarin"]
[Result "1/2-1/2"]
[WhiteTitle "GM"]
[BlackTitle "GM"]
[WhiteElo "2771"]
[BlackElo "2677"]
[WhiteFideId "5202213"]
[BlackFideId "25092340"]
[EventDate "2022.09.14"]
[EventType "k.o."]

1. d4 g6 2. Nf3 Bg7 3. g3 c5 4. c3 Qa5 5. a3 cxd4 6. b4 Qb6 7. cxd4 Nf6 8. Nc3
O-O 9. Bg2 d6 10. O-O Be6 11. Bb2 Nbd7 12. h3 Rfc8 13. Rc1 a5 14. b5 Nd5 15. a4
h6 16. Nxd5 Bxd5 17. Qd3 Qd8 18. Nd2 Bxg2 19. Kxg2 Nb6 20. Qb3 Qd7 21. e3 Qe6
22. Rxc8+ Rxc8 23. Rc1 Rxc1 24. Bxc1 Qxb3 25. Nxb3 Nxa4 26. Nxa5 Nc3 27. b6 Na4
28. Nxb7 Nxb6 29. Na5 f5 30. g4 Kf7 31. Kf3 Ke6 32. Nc6 Nd5 33. Bd2 Nf6 34.
gxf5+ gxf5 35. Ke2 Ne4 36. Be1 Kd7 37. Nb4 h5 38. f3 Ng5 39. h4 Ne6 40. Nd3 Bh6
41. Bf2 Nf8 42. e4 fxe4 43. fxe4 Ng6 44. d5 Bg7 45. Kf3 Bh6 46. Bg3 Ke8 47. e5
dxe5 48. Nxe5 Nxe5+ 49. Bxe5 Kf7 50. Ke4 Kg6 51. d6 exd6 52. Bxd6 Bg5 53. hxg5
Kxg5 54. Be7+ Kg4 55. Bd8 h4 56. Bxh4 1/2-1/2

[Event "CGC KO 2022"]
[Site "chess.com INT"]
[Date "2022.11.07"]
[Round "6.6"]
[Board "1"]
[White "Nihal, Sarin"]
[Black "So, Wesley"]
[Result "0-1"]
[WhiteTitle "GM"]
[BlackTitle "GM"]
[WhiteElo "2677"]
[BlackElo "2771"]
[WhiteFideId "25092340"]
[BlackFideId "5202213"]
[EventDate "2022.09.14"]
[EventType "k.o."]

1. d4 Nf6 2. c4 e6 3. Bf4 d5 4. cxd5 Nxd5 5. Bg3 c5 6. e4 Nf6 7. Nd2 Qxd4 8.
Ngf3 Qd8 9. e5 Nd5 10. a3 Be7 11. Bd3 Bd7 12. Qe2 a6 13. O-O O-O 14. Rad1 Bb5
15. Nc4 Nc6 16. h4 Na5 17. Qe4 g6 18. Ne3 Nxe3 19. Qxe3 Qc7 20. Nd2 Bxd3 21.
Qxd3 Rfd8 22. Qe3 Nc6 23. Ne4 Nd4 24. Nf6+ Kg7 25. Bf4 Nf5 26. Qh3 Kh8 27. Ne4
Rxd1 28. Rxd1 Rd8 29. Nd6 Kg8 30. h5 g5 31. h6 gxf4 32. Qg4+ Kf8 33. Nxf5 Rxd1+
34. Qxd1 exf5 35. Qd3 Qxe5 36. Qd7 Qd6 37. Qc8+ Bd8 38. Qxf5 Qxh6 39. Qxc5+ Kg7
40. Qd5 Qb6 41. b4 h6 42. Qe5+ Qf6 43. Qd5 b6 0-1